Loading...
| Fine Arts - Visual Fine Arts | 1 | 2 | 0 | 0 | 35 | 57 | 68.33 | 1 | 3 |
| Fine Arts - Auditory Fine Arts | 0 | 3 | 0 | 0 | 30 | 66 | 81.00 | 1 | 3 |
| History - American History | 1 | 0 | 0 | 0 | 15 | 57 | 57.00 | 1 | 1 |
| Literature - European Literature | 1 | 0 | 0 | 0 | 15 | 63 | 63.00 | 0 | 1 |
| Fine Arts - Other Fine Arts | 1 | 0 | 0 | 0 | 15 | 77 | 77.00 | 1 | 1 |
| Philosophy | 1 | 0 | 0 | 0 | 15 | 61 | 61.00 | 1 | 1 |
| Science - Other Science | 0 | 1 | 0 | 1 | 10 | 139 | 139.00 | 0 | 0 |
| Literature - American Literature | 0 | 1 | 0 | 1 | 10 | 139 | 139.00 | 0 | 1 |
| Literature - World Literature | 0 | 0 | 1 | 0 | -5 | 0.00 | 0 | 0 | |
| Science - Biology | 0 | 0 | 1 | 0 | -5 | 0.00 | 0 | 0 | |
| Science - Chemistry | 0 | 0 | 2 | 0 | -10 | 0.00 | 0 | 0 |